| 000 | 00423nam a22001937a 4500 | ||
|---|---|---|---|
| 003 | UA-OsUOA | ||
| 001 | 1707 | ||
| 007 | ta | ||
| 008 | 20050721b un ||||| |||| 00| 0 ukr d | ||
| 100 | _aFurtado | ||
| 700 | _aP. | ||
| 700 | _aGeddes | ||
| 700 | _aC. | ||
| 942 | _cBK | ||
| 040 |
_aUA-OsUOA _cUA-OsUOA _dUA-OsUOA |
||
| 245 |
_aThe ordnance survey guide to historic houses in Br _bFiction |
||
| 955 | _a2 | ||
| 650 | 7 | _2UDC | |
| 999 |
_c287869 _d287869 |
||